<?xml version="1.0" encoding="UTF-8"?>
<record
    xmlns:xsi="http://www.w3.org/2001/XMLSchema-instance"
    xsi:schemaLocation="http://www.loc.gov/MARC21/slim http://www.loc.gov/standards/marcxml/schema/MARC21slim.xsd"
    xmlns="http://www.loc.gov/MARC21/slim">

  <leader>03163nam a2200349 a 4500</leader>
  <controlfield tag="001">ebr10676624</controlfield>
  <controlfield tag="003">CaPaEBR</controlfield>
  <controlfield tag="006">m        u        </controlfield>
  <controlfield tag="007">cr cn|||||||||</controlfield>
  <controlfield tag="008">100114s2012    nyua    sb    001 0 eng d</controlfield>
  <datafield tag="010" ind1=" " ind2=" ">
    <subfield code="z">  2010001743</subfield>
  </datafield>
  <datafield tag="020" ind1=" " ind2=" ">
    <subfield code="z">9781616683276 (hardcover)</subfield>
  </datafield>
  <datafield tag="020" ind1=" " ind2=" ">
    <subfield code="z">1616683279 (hardcover)</subfield>
  </datafield>
  <datafield tag="020" ind1=" " ind2=" ">
    <subfield code="z">9781616683832 (e-book)</subfield>
  </datafield>
  <datafield tag="040" ind1=" " ind2=" ">
    <subfield code="a">CaPaEBR</subfield>
    <subfield code="c">CaPaEBR</subfield>
  </datafield>
  <datafield tag="035" ind1=" " ind2=" ">
    <subfield code="a">(OCoLC)834136735</subfield>
  </datafield>
  <datafield tag="050" ind1="1" ind2="4">
    <subfield code="a">QH585.5.E48</subfield>
    <subfield code="b">E45 2012eb</subfield>
  </datafield>
  <datafield tag="082" ind1="0" ind2="4">
    <subfield code="a">571.6/4</subfield>
    <subfield code="2">22</subfield>
  </datafield>
  <datafield tag="245" ind1="0" ind2="0">
    <subfield code="a">Electroporation in laboratory and clinical investigations</subfield>
    <subfield code="h">[electronic resource] /</subfield>
    <subfield code="c">Enrico P. Spugnini and Alfonso Baldi, editors.</subfield>
  </datafield>
  <datafield tag="260" ind1=" " ind2=" ">
    <subfield code="a">New York :</subfield>
    <subfield code="b">Nova Science Publishers, Inc.,</subfield>
    <subfield code="c">c2012.</subfield>
  </datafield>
  <datafield tag="300" ind1=" " ind2=" ">
    <subfield code="a">vi, 342 p. :</subfield>
    <subfield code="b">ill.</subfield>
  </datafield>
  <datafield tag="504" ind1=" " ind2=" ">
    <subfield code="a">Includes bibliographical references and index.</subfield>
  </datafield>
  <datafield tag="505" ind1="0" ind2=" ">
    <subfield code="a">Physics and mathematics of electroporation / Alessandro Porrello, Andrea Giansanti -- Technical aspects of electrochemotherapy / Ivan Dotsinsky, Nicolay Mudrov, Tsvetan Mudrov -- Non-thermal irreversible electroporation for tissue ablation / Paulo A. Garcia, Robert E. Neal II, Rafael V. Davalos -- Microfluidics for electroporation / Michelle Khine -- Mechanisms of microorganism inactivation by pulsed electric fields / Gintautas Saulis -- Electrochemical processes occuring during cell electromanipulation procedures / Gintautas Saulis -- Ultrastructural modifications induced by electroporation in vivo and in vitro / Agnese Molinari, Giuseppe Arancia, Enrico P Spugnini -- Electroporation in bacteria / Maria Papagianni -- Electroporation of plant cells / Aleandro Araya -- Anti-tumoral effects of pulsed low electric field enhanced chemotherapy : lessons from experimental malignant tumors / Yona Keisari, Rafi Korenstein -- Electrogenetherapy: electrogene transfer using low field strength / Feng Liu, Amber Frick, Jue Wang -- Electroporation : treating mice or men? / Angela M. Bodles-Brakhop, Ruxandra Draghia-Akli -- Electrochemotherapy in veterinary oncology part i : solid tumors / Enrico P. Spugnini, Gennaro Citro, Alfonso Baldi -- Electrochemotherapy in veterinary oncology part ii : round cell tumors / Enrico P. Spugnini, Alfonso Baldi, Gennaro Citro -- Histopathological analysis of canine and feline cancer treated with electrochemotherapy / Alfonso Baldi ... [et al.] -- Clinical application of electrochemotherapy : an adjunct to surgery / Mira Sadadcharam ... [et al.] -- Electroporation in chronic lymphocytic leukemia / Femke Van Bockstaele ... [et al.] -- Future developments in electroporation : recombinant clostridia as viable and targeted tumour therapeutics / Tam H Nguyen ... [et al.].</subfield>
  </datafield>
  <datafield tag="533" ind1=" " ind2=" ">
    <subfield code="a">Electronic reproduction.</subfield>
    <subfield code="b">Palo Alto, Calif. :</subfield>
    <subfield code="c">ebrary,</subfield>
    <subfield code="d">2013.</subfield>
    <subfield code="n">Available via World Wide Web.</subfield>
    <subfield code="n">Access may be limited to ebrary affiliated libraries.</subfield>
  </datafield>
  <datafield tag="650" ind1=" " ind2="0">
    <subfield code="a">Electroporation.</subfield>
  </datafield>
  <datafield tag="650" ind1=" " ind2="0">
    <subfield code="a">Electroporation</subfield>
    <subfield code="x">Therapeutic use.</subfield>
  </datafield>
  <datafield tag="655" ind1=" " ind2="7">
    <subfield code="a">Electronic books.</subfield>
    <subfield code="2">local</subfield>
  </datafield>
  <datafield tag="700" ind1="1" ind2=" ">
    <subfield code="a">Spugnini, Enrico P.</subfield>
  </datafield>
  <datafield tag="700" ind1="1" ind2=" ">
    <subfield code="a">Baldi, Alfonso.</subfield>
  </datafield>
  <datafield tag="710" ind1="2" ind2=" ">
    <subfield code="a">ebrary, Inc.</subfield>
  </datafield>
  <datafield tag="856" ind1="4" ind2="0">
    <subfield code="u">http://site.ebrary.com/lib/rucke/Doc?id=10676624</subfield>
    <subfield code="z">An electronic book accessible through the World Wide Web; click to view</subfield>
  </datafield>
  <datafield tag="999" ind1=" " ind2=" ">
    <subfield code="c">166375</subfield>
    <subfield code="d">166375</subfield>
  </datafield>
</record>
